00313nam a2200133Ia 4500100002600000650001900026366000700045654001900052245001900071260004700090082002100137300000900158546001200167 aPandya/N.C/ Shah/C.S  aMachine Design f15 amachine design aMachine Design bCharotar Publishing HouseaNew Delhic2006 a621.815/PANbPAN a1064 aENGLISH